The historical atlas of World War II / (Record no. 15591)

000 -LEADER
fixed length control field 01507cem a2200397 a 4500
001 - CONTROL NUMBER
control field 15058340
005 - DATE AND TIME OF LATEST TRANSACTION
control field 20170105102921.0
007 - PHYSICAL DESCRIPTION FIXED FIELD--GENERAL INFORMATION
fixed length control field ad canzn
008 - FIXED-LENGTH DATA ELEMENTS--GENERAL INFORMATION
fixed length control field 071025s2007 enkbc e 1 eng d
010 ## - LIBRARY OF CONGRESS CONTROL NUMBER
LC control number 2007633304
Canceled/invalid LC control number 2007532245
015 ## - NATIONAL BIBLIOGRAPHY NUMBER
National bibliography number GBA6A0613
Source bnb
016 7# - NATIONAL BIBLIOGRAPHIC AGENCY CONTROL NUMBER
Record control number 013613216
Source Uk
020 ## - INTERNATIONAL STANDARD BOOK NUMBER
International Standard Book Number 9781845732400 (hbk.)
034 0# - CODED CARTOGRAPHIC MATHEMATICAL DATA
Category of scale a
035 ## - SYSTEM CONTROL NUMBER
System control number (OCoLC)ocm76852128
040 ## - CATALOGING SOURCE
Original cataloging agency UKM
Transcribing agency UKM
Modifying agency BAKER
-- YDXCP
-- BTCTA
-- TXA
-- DLC
042 ## - AUTHENTICATION CODE
Authentication code lccopycat
050 00 - LIBRARY OF CONGRESS CALL NUMBER
Classification number G1038
Item number .S9 2007
052 ## - GEOGRAPHIC CLASSIFICATION
Geographic classification area code 3201
082 00 - DEWEY DECIMAL CLASSIFICATION NUMBER
Classification number 940.540223
Edition number 22
100 1# - MAIN ENTRY--PERSONAL NAME
Personal name Swanston, Alexander.
245 14 - TITLE STATEMENT
Title The historical atlas of World War II /
Statement of responsibility, etc. by Alexander Swanston and Malcolm Swanston ; [design and cartography, Malcolm Swanston ... et al.].
246 1# - VARYING FORM OF TITLE
Display text Subtitle on cover:
Title proper/short title 170 maps chart the most cataclysmic event in human history
255 ## - CARTOGRAPHIC MATHEMATICAL DATA
Statement of scale Scales differ.
260 ## - PUBLICATION, DISTRIBUTION, ETC.
Place of publication, distribution, etc. London :
Name of publisher, distributor, etc. Cartographica,
Date of publication, distribution, etc. c2007.
300 ## - PHYSICAL DESCRIPTION
Extent 1 atlas (399 p.) :
Other physical details ill. (some col.), col. maps ;
Dimensions 34 cm.
500 ## - GENERAL NOTE
General note Relief shown by shading and gradient tints. Depths shown by gradient tints.
504 ## - BIBLIOGRAPHY, ETC. NOTE
Bibliography, etc. note Includes bibliographical references (p. [388]) and index.
650 #0 - SUBJECT ADDED ENTRY--TOPICAL TERM
Topical term or geographic name entry element World War, 1939-1945
General subdivision Campaigns
Form subdivision Maps.
650 #0 - SUBJECT ADDED ENTRY--TOPICAL TERM
Topical term or geographic name entry element Historical geography
Form subdivision Maps.
700 1# - ADDED ENTRY--PERSONAL NAME
Personal name Swanston, Malcolm.
710 2# - ADDED ENTRY--CORPORATE NAME
Corporate name or jurisdiction name as entry element Cartographica Limited.
906 ## - LOCAL DATA ELEMENT F, LDF (RLIN)
a 7
b cbc
c copycat
d 2
e ncip
f 20
g y-geogmaps
942 ## - ADDED ENTRY ELEMENTS (KOHA)
Source of classification or shelving scheme
Koha item type Book
Holdings
Withdrawn status Lost status Damaged status Not for loan Collection code Permanent Location Current Location Shelving location Date acquired Total Checkouts Full call number Barcode Date last seen Price effective from Koha item type
          Centre for International Peace & Stability (CIPS) Centre for International Peace & Stability (CIPS) General Stacks 10/02/2013   940.540223 SWA 2008 CIPS0002344 12/05/2013 12/05/2013 Book
© 2023 Central Library, National University of Sciences and Technology. All Rights Reserved.